000 00579 a2200193 4500
001 60964
005 20260407155900.0
008 260407a1945 arg spa d
003 AR-UNSa-BCEJYS
040 _aAR-UNSa-BCEJYS
_bspa
_cAR-UNSa-BCEJYS
080 _a323.27
_xRevolución. Cambio violento de gobierno. Golpe de estado
245 1 0 _aTratado de la doctrina de facto
264 1 _aBuenos Aires :
_bDepalma
_c1945
300 _a2 v. (459 ; 474 p.)
_c24 cm.
041 _aspa
942 _cBK
590 _aniveau_biblio:m niveau_hierar:0
100 1 _aConstantineau, Albert
999 _c7154
_d7154